Le marquis de Fayolle

Na minha lista:
Detalhes bibliográficos
Autor principal: Nerval, Gérard de
Formato: Livro
Idioma:Undetermined
Publicado em: París, Francia Nilsson 1856
Assuntos:
Tags: Adicionar Tag
Sem tags, seja o primeiro a adicionar uma tag!

MARC

LEADER 00000nam a2200000Ia 4500
008 170316s9999 xx 000 0 und d
040 |a cru BVZT 
090 |a 840 N-1m 
100 |a Nerval, Gérard de 
245 |a Le marquis de Fayolle 
260 |a París, Francia  |b Nilsson  |c 1856 
300 |a 306 páginas 
650 |a LITERATURA FRANCESA 
999 |c 7865  |d 7865 
942 |c 15 D  |h 840 N-1m  |2 z